000
00318nam a22001337a 4500
008
171107b xxu||||| |||| 00| 0 eng d
020
_a
9780073379357
041
_a
eng
080
_2
4TH
_a
330.722.6
100
_a
62
101
_a
KON
245
_a
INTRODUCTION TO MANAGERIAL ACCOUNTING
_c
BREWER.P.C
942
_2
udc
_c
BK
999
_c
37976
_d
37976